Listening focus: Comprehension practice for students of English
Enregistré dans:
| Auteur principal: | |
|---|---|
| Format: | Livre |
| Langue: | Undetermined |
| Publié: |
HongKong
Longman
1999
|
| Sujets: | |
| Tags: |
Ajouter un tag
Pas de tags, Soyez le premier à ajouter un tag!
|
| Thư viện lưu trữ: | Trung tâm Học liệu Trường Đại học Cần Thơ |
|---|
| LEADER | 00615nam a2200193Ia 4500 | ||
|---|---|---|---|
| 001 | CTU_37773 | ||
| 008 | 210402s9999 xx 000 0 und d | ||
| 020 | |b 72.000đ | ||
| 082 | |a 428.24 | ||
| 082 | |b K62 | ||
| 100 | |a Ellen Kisslinger | ||
| 245 | 0 | |a Listening focus: Comprehension practice for students of English | |
| 245 | 0 | |c Ellen Kisslinger, Michael Rost | |
| 260 | |a HongKong | ||
| 260 | |b Longman | ||
| 260 | |c 1999 | ||
| 650 | |a english language - study and teaching,english language - textbooks for foreign speakers | ||
| 904 | |i Minh, 000926 | ||
| 980 | |a Trung tâm Học liệu Trường Đại học Cần Thơ | ||